| 000 | 00521nam a22001817a 4500 | ||
|---|---|---|---|
| 003 | OSt | ||
| 005 | 20180116183051.0 | ||
| 008 | 160815b xxu||||| |||| 00| 0 eng d | ||
| 020 | _a0 | ||
| 040 | _c0 | ||
| 082 | _a828 KHA 2006 | ||
| 100 | _aMrs. Aftab Masroor Khan | ||
| 245 |
_aAshahtoin mein Hain Mehfooz Sari Taqrerein _cMrs. Aftab Masroor Khan |
||
| 260 |
_aPakistan _bPrinting Corporation of Pakistan _c2006 |
||
| 300 |
_a312 p. _bHB |
||
| 440 | _aAshahtoin mein Hain Mehfooz Sari Taqrerein | ||
| 942 |
_2ddc _cBK |
||
| 999 |
_c351651 _d351651 |
||